Council of the international Bureau of Education, 56 session (Record no. 10974)

MARC details
000 -LEADER
campo de control de longitud fija 00338nam a2200133Ia 4500
001 - NÚMERO DE CONTROL
campo de control 886
008 - DATOS DE LONGITUD FIJA--INFORMACIÓN GENERAL
campo de control de longitud fija 241024s9999 xx 000 0 und d
082 ## - NÚMERO DE LA CLASIFICACIÓN DECIMAL DEWEY
Número de clasificación 370/U56c
100 ## - ENTRADA PRINCIPAL--NOMBRE DE PERSONA
Nombre de persona UNESCO
245 #0 - MENCIÓN DEL TÍTULO
Título Council of the international Bureau of Education, 56 session
260 ## - PUBLICACIÓN, DISTRIBUCIÓN, ETC.
Nombre del editor, distribuidor, etc. Genove
Fecha de publicación, distribución, etc. 2008
901 ## - ELEMENTOS DE DATOS A LOCAL LDA (RLIN)
a 8/12/2010 1:43:21 p.m.

No items available.

© 2024. Todos los Derechos Reservados. Desarrollado por IDEICE